| 000 | 00000nam##2200000za#4500 |
| 001 | 9.644188 |
| 003 | CaOODSP |
| 005 | 20210624224529 |
| 007 | cr ||||||||||| |
| 008 | 150407|2009||||xxc|||||o f|0| 0 fre|d |
| 040 | |aCaOODSP|bfre |
| 043 | |an-cn--- |
| 086 | 1 |aNH15-353/2009F-PDF |
| 110 | 2 |aSociété canadienne d'hypothèques et de logement. |
| 245 | 10|aGuide de poche : |h[ressource électronique]|bun chez-soi adaptable |
| 246 | 3 |aBâtiflex |
| 250 | |aRévisé |
| 260 | |aOttawa - Ontario : |bSociété canadienne d'hypothèques et de logement |c2009. |
| 300 | |a28p. |
| 590 | |a15-02-Supp|b2015-02-16 |
| 775 | 08|tPocket planner : |w(CaOODSP)9.700291 |
| 856 | 40|ahttp://publications.gc.ca|qPDF|s369 Ko|uhttps://publications.gc.ca/collections/collection_2015/schl-cmhc/NH15-353-2009-fra.pdf |